000 00709nam a2200193 i 4500
001 55592
003 ES-MaACL
005 20230906163157.0
007 t|
008 030923s1958 sp ||||1| spa d
245 0 3 _aLa descristianización de las masas obreras
_b: Centro de Estudios Sociales Godofredo Kurth /
_ctraducido del original por María de Cristo Sacerdote.
260 _a[Bilbao] :
_bDesclée de Brouwer,
_c1958 (
_fGómez)
300 _a138 p. ;
_c19 cm.
490 1 _aBiblioteca de estudios pastorales ;
_v19
700 1 _aCristo Sacerdote, María de.
_941635
830 0 _aBiblioteca de estudios pastorales ;
_v19
_9181669
852 _aES-MaACL
_jC-16129
_bR.42368
999 _c55592
_d55592